¿Regla per se y regla de la razón? : interpretación de las normas de competencia /
Uloženo v:
| Další autoři: | |
|---|---|
| Médium: | Elektronický zdroj E-kniha |
| Jazyk: | španělština |
| Vydáno: |
Bogotá :
Universidad Externado de Colombia,
[2018]
|
| Vydání: | Primera edición. |
| Témata: | |
| On-line přístup: | Digitalia Hispánica |
| Tagy: |
Přidat tag
Žádné tagy, Buďte první, kdo vytvoří štítek k tomuto záznamu!
|
MARC
| LEADER | 00000nam a2200000Ii 4500 | ||
|---|---|---|---|
| 001 | DIGUEXTER0413 | ||
| 003 | NyNyDIG | ||
| 006 | m o d | ||
| 007 | cr ||||||||||| | ||
| 008 | 220407s2018 ck ob 000 0 spa d | ||
| 035 | |a (OCoLC)1319855909 | ||
| 040 | |a DGITA |b eng |e rda |e pn |c DGITA | ||
| 020 | |z 9789587729238 | ||
| 043 | |a s-ck--- | ||
| 050 | 1 | 4 | |a KHH3758 ebook |
| 245 | 0 | 0 | |a ¿Regla per se y regla de la razón? : |b interpretación de las normas de competencia / |c Emilio José Archila Peñalosa, editor. |
| 250 | |a Primera edición. | ||
| 264 | 1 | |a Bogotá : |b Universidad Externado de Colombia, |c [2018] | |
| 300 | |a 1 online resource : |b illustrations. | ||
| 336 | |a text |b txt |2 rdacontent | ||
| 337 | |a computer |b c |2 rdamedia | ||
| 338 | |a online resource |b cr |2 rdacarrier | ||
| 347 | |a text file |2 rdaft | ||
| 347 | |b PDF | ||
| 504 | |a Includes bibliographical references. | ||
| 588 | 0 | |a Online resource; title from PDF title page (Digitalia, viewed April 7, 2022) | |
| 650 | 0 | |a Antitrust law |z Colombia |x Interpretation and construction. | |
| 655 | 0 | |a Electronic books. | |
| 700 | 1 | |a Archila Peñalosa, Emilio José, |e editor. | |
| 791 | 2 | |a Digitalia (Firm), |e distributor. | |
| 793 | 0 | |g Digitalia eBook Collection: |a Universidad Externado de Colombia | |
| 776 | 0 | 8 | |i Print version: |t ¿Regla per se y regla de la razón? |b Primera edición. |d Bogotá : Universidad Externado de Colombia, [2018] |z 9789587729238 |
| 856 | 4 | 0 | |3 Digitalia Hispánica |u https://digitalia.unach.elogim.com/a/70835/ |
| 910 | |a Premium collection: 2022 | ||